| 000 | 01042nac a22002411u 4500 | ||
|---|---|---|---|
| 008 | 091105t2005 xxu|||||r|||| 001 0 eng d | ||
| 020 | _a0321269772 (pbk.) | ||
| 020 | _a03212697772 (International edition) (pbk.) | ||
| 020 | _a9780321269775 | ||
| 082 |
_a621.395 _bWES _222 |
||
| 100 |
_aWeste, Neil H.E. _99165 |
||
| 245 |
_aCMOS VLSI Design : _bA Circuits and Systems Perspective. |
||
| 250 |
_a3rd ed. _bInternational Edition |
||
| 260 |
_aLondon : _bPearson Addison Wesley, _cc2005. |
||
| 300 |
_axxiv, 967 p. : _bill. ; _c24 cm. |
||
| 500 | _aPrevious ed.: published as Principles of CMOS VLSI design / by Neil H.E. Weste, Kamran Eshraghian, 1993. | ||
| 504 | _aIncludes bibliographical references and index. | ||
| 650 |
_aIntegrated circuits _vVery large scale integration _xDesign and construction. _99166 |
||
| 650 |
_aMetal oxide semiconductors, Complementary. _99167 |
||
| 700 | 1 |
_aHarris, David _q(David F.) _99168 |
|
| 700 |
_aWeste, Neil H.E. _at Principles of CMOS VLSI design. _99169 |
||
| 942 |
_cBB _k621.395WES _2ddc |
||
| 999 |
_c894 _d894 |
||